Tekst piosenki "Oczy zielone" - Statystyki

Ogólne statystyki
  • Ten quiz został rozwiązany 5 168 razy
  • Średni wynik to 19 z 24
Statystyki odpowiedzi
Tekst % Poprawnych
Jak do tego doszło, {nie wiem}?
99%
Nie mogę {jeść}, nie mogę spać
98%
Odkąd zobaczyłem {ciebie}
98%
Przez twe oczy, te oczy {zielone} oszalałem
97%
Przez twe oczy, te oczy {zielone} oszalałem
97%
{Miłość} o sobie dała znać
96%
A w moich myślach jesteś {ty}
93%
Co {poradzić} mogę na to
91%
Że miłość przyszła właśnie {dziś}
90%
A ja serce {miłości} spragnione ci oddałem
87%
A ja serce {miłości} spragnione ci oddałem
87%
{Gwiazdy} chyba twym oczom oddały cały blask
87%
{Gwiazdy} chyba twym oczom oddały cały blask
87%
Tak {zakochać, zakochać} się można tylko raz
82%
Tak {zakochać, zakochać} się można tylko raz
82%
O twą miłość będę {walczył}
71%
Że w {sercu mym} jest lato
68%
U stóp Ci złożę {cały świat}
66%
O miłość walczyć to nie {wstyd}
65%
W mych {ramionach} cię ukryję
65%
{Serce me} dla ciebie bije
64%
I czeka na twój mały {znak.}
62%
Jeden {uśmiech} twój wystarczy
59%
I moje serce {gubi rytm}
45%
Nie znaleziono quizów pasujących do podanych kryteriów
Rozkład punktacji
Procent ludzi z każdym wynikiem
Percentyl według liczby udzielonych odpowiedzi
Twoja historia wyników
Nie rozwiązałeś tego quizu